• 首页
  • 本馆介绍
  • 公告通知
  • 最新文献
  • 馆藏检索
  • 电子资源
  • 读者导购
  • 参考咨询
  • 我的图书馆
  • 登录
  • 详细信息显示
  • 放入我的书架
  • 预约/预借图书
  • 作者相关作品
  • 分类相关作品
  • 丛书相关作品
  • 出版社相关作品

书目信息

  • 表格格式
  • 工作单格式
  • 卡片格式
题名:
安吾人生谈
    
 
作者: 坂口安吾, 著 ;梁国玉 译
分册:  
出版信息: 杭州   浙江文艺出版社  2019
页数: 370页
开本: 21cm
丛书名: 坂口安吾作品系列
单 册:
中图分类: I313.06-53 , I313.06
科图分类:
主题词: 文学评论--wen xue ping lun--日本--文集
电子资源:
ISBN: 978-7-5339-5642-4
000 01129nam 2200277 450
001 2170730147
005 20211113193618.61
010    @a978-7-5339-5642-4@b精装@dCNY54.00
100    @a20190703d2019 em y0chiy50 ea
101 1  @achi@cjpn
102    @aCN@b330000
105    @ay z 000yy
200 1  @a安吾人生谈@Aan wu ren sheng tan@d= Sakaguchi Ango's guide to life@f坂口安吾@g梁国玉译@zeng
210    @a杭州@c浙江文艺出版社@d2019
215    @a370页@d21cm
225 2  @a坂口安吾作品系列@Aban kou an wu zuo pin xi lie
330    @a本书从坂口安吾的随笔、评论中选择了其代表作品《安吾人生谈》和《我的人生观》。《安吾人生谈》共八篇,就当时的社会热点,展开了鞭辟入里的分析评论。《我的人生观》共八篇,安吾由自身经历及身边大小事件生发感想,或深入剖析,或尖锐批评,观点一针见血。
410  0 @12001 @a坂口安吾作品系列
510 1  @aSakaguchi Ango's guide to life@zeng
606 0  @a文学评论@Awen xue ping lun@y日本@j文集
690    @aI313.06-53@v5
690    @aI313.06@v4
701  0 @a坂口安吾,@Aban kou an wu@f1906-1955@4著
702  0 @a梁国玉@Aliang guo yu@4译
801  0 @aCN@bBP@c20190730
905    @aZUCC@dI313.06@e1
    
    安吾人生谈= Sakaguchi Ango's guide to life/坂口安吾/梁国玉译.-杭州:浙江文艺出版社,2019
    370页;21cm.-(坂口安吾作品系列)
    
    
    ISBN 978-7-5339-5642-4(精装):CNY54.00
    本书从坂口安吾的随笔、评论中选择了其代表作品《安吾人生谈》和《我的人生观》。《安吾人生谈》共八篇,就当时的社会热点,展开了鞭辟入里的分析评论。《我的人生观》共八篇,安吾由自身经历及身边大小事件生发感想,或深入剖析,或尖锐批评,观点一针见血。
●
相关链接 在五车中查询图书 在当当中查询图书 在豆瓣中查询图书


正题名:安吾人生谈     索取号:I313.06/1         预约/预借

序号 登录号 条形码 馆藏地/架位号 状态 备注
1 2000885347   2000885347   第一书库/ [索取号:I313.06/1] 在馆    
2 2000885348   2000885348   第一书库/ [索取号:I313.06/1] 在馆    
3 2000885349   2000885349   第一书库/ [索取号:I313.06/1] 在馆    
山东省滨州职业学院图书馆 欢迎您!
大连网信软件有限公司© 版权所有